Elementary State Capitals Quiz Stats

 Plays Quiz Updated May 19, 2012

Challenge
Share
Tweet
Embed
Score 0/42 Timer 05:00
1 Play Today
Group Answer % Correct
Group ISalt Lake City
90.3%
Group IOklahoma City
90.1%
Group IIAustin
85.3%
Group IIBoston
82.7%
Group ILansing
81.8%
Group IIISacramento
81.5%
Group ISt Paul
81.3%
Group ISalem
79.6%
Group IVDenver
79%
Group VAlbany
78.1%
Group ICheyenne
78%
Group IVTallahassee
77.2%
Group IIIJuneau
77.1%
Group IINashville
77%
Group VAtlanta
76.4%
Group IVBoise
75.5%
Group VPhoenix
74.5%
Group IIRaleigh
74.2%
Group IIITrenton
73%
Group IVSpringfield
72.1%
Group IIOlympia
71.8%
Group Answer % Correct
Group VLittle Rock
71.5%
Group IIIProvidence
71.5%
Group IIIHarrisburg
70.3%
Group IIIDes Moines
69.6%
Group IVHelena
68.6%
Group VIColumbus
67.2%
Group VICarson City
67.1%
Group IVPierre
65.2%
Group VRichmond
64.8%
Group VISanta Fe
64.4%
Group VIHartford
63.8%
Group IIConcord
63.1%
Group VCharleston
62.2%
Group VIColumbia
57.7%
Group VIMontgomery
57.1%
Group IICARBON
52.5%
Group IHELIUM
34.4%
Group IVSILVER
29.7%
Group VCOBALT
25.2%
Group IIISODIUM
21.4%
Group VICERIUM
12.5%

You're not logged in!

Compare scores with friends on all Sporcle quizzes.
Join for Free
OR
Log In

You Might Also Like...

Show Comments

Extras

Top Quizzes Today


Score Distribution

Your Account Isn't Verified!

In order to create a playlist on Sporcle, you need to verify the email address you used during registration. Go to your Sporcle Settings to finish the process.

Report this User

Report this user for behavior that violates our Community Guidelines.

Details: